| 000 | 01746nam a2200421 c 4500 | ||
|---|---|---|---|
| 999 |
_c188357 _d188357 |
||
| 003 | BLK | ||
| 005 | 20241216165833.0 | ||
| 008 | 180411b bul|||||r ||||||| ||bul|| | ||
| 010 | _aKNG00197375000 | ||
| 040 | _aBLK | ||
| 041 |
_aBUL _cBUL |
||
| 080 |
_aИстория на Втората световна война (1939-1945) _b94(100)"1939/1945" _z94(100)"1939/1945" |
||
| 080 |
_aИстория на САЩ _b973 _z973 |
||
| 100 | 1 |
_aТъркъл, Стъдс _eпърви автор _9339663 |
|
| 139 |
_aТъркъл, Стъдс _bТ 96 |
||
| 245 | 1 | 0 |
_a"Добрата война" _bІІ световна война в разказите на очевидци _cСтъдс Търкъл; прев. от англ. Петко Димитров Бочаров; с предг. от Тодор Вълчев Вълчев. |
| 257 | _aUSA | ||
| 260 |
_bПартиздат _c1988 _fВ. Търново : Д. Найденов |
||
| 300 |
_a336 с. _c20 см |
||
| 380 | _a9 | ||
| 500 | _aОриг. загл. "The good war" / Studs Terkel | ||
| 650 | 4 |
_aВтора световна война _9266732 |
|
| 650 | 4 |
_aСАЩ - история _9262032 |
|
| 651 | 4 |
_aСАЩ _9179493 |
|
| 653 | _aВтора световна война | ||
| 653 | _aСАЩ | ||
| 653 | _aучастници | ||
| 700 | 1 |
_aБочаров, Петко Димитров _eпрев. от англ. _9380281 |
|
| 700 | 1 |
_aВълчев, Тодор Вълчев _eс предг. от _9384594 |
|
| 852 | _aЦб 154470 | ||
| 856 | 4 | _qpdf | |
| 856 | 4 | _qpdf | |
| 942 |
_cKNG _n0 _s1 _03 |
||
| 944 |
_aCR _c05.12.2016 _k30576 _lЦветомила Тодорова |
||
| 944 |
_aED _c05.12.2016 _kСевдалина_Василева |
||
| 999 | _d188357 | ||
| 999 | _d188357 | ||